000 01413cam a2200397 i 4500
001 on1064328894
003 OCoLC
005 20260109030002.0
008 180503r20182016enkab j 000 1 eng d
015 _aGBB8C5306
_2bnb
016 7 _a018933366
_2Uk
020 _a9781782263722
_q(paperback)
020 _a1782263721
040 _aUKMGB
_beng
_erda
_cUKMGB
_dNZOPM
_dOCLCQ
_dOCLCL
_dJTE
041 1 _aeng
_hita
100 1 _aStilton, Geronimo,
_eauthor.
240 1 0 _aStrano caso dei brufoli blu.
_lEnglish.
245 1 4 _aThe cheese experiment /
_cGeronimo Stilton.
264 1 _aLeicester :
_bSweet Cherry Publishing,
_c2018.
300 _a98 pages :
_billustrations (black and white), maps (black and white) ;
_c20 cm.
336 _atext
_btxt
_2rdacontent.
336 _astill image
_bsti
_2rdacontent.
336 _acartographic image
_bcri
_2rdacontent.
337 _aunmediated
_bn
_2rdamedia.
338 _avolume
_bnc
_2rdacarrier.
490 0 _aGeronimo Stilton.
500 _aTV tie-in.
500 _aTranslated from the Italian.
500 _aThis translation originally published: New York: Scholastic Inc., 2016.
600 1 0 _aStilton, Geronimo
_vJuvenile fiction.
600 1 7 _aStilton, Geronimo.
_2fast
_0(OCoLC)fst01737156.
655 0 _aChildren's stories.
655 7 _aFiction.
_2fast
_0(OCoLC)fst01423787.
655 7 _aJuvenile works.
_2fast
_0(OCoLC)fst01411637.
942 _2ddc
_cBK
999 _c31412
_d31410